Presidents Who Died in Office - Sudden Death - Statistics

General Stats
  • This quiz has been taken 67 times
    37 since last reset
  • The average score is 6 of 8
Answers on the Grid
Answers color-coded by a green-red scale on the quiz's grid according to % correct below.
John F. Kennedy
James Monroe
William Henry Harrison
James K. Polk
Rutherford B. Hayes
William McKinley
Franklin D. Roosevelt
Martin Van Buren
Calvin Coolidge
James A. Garfield
Bill Clinton
Zachary Taylor
Dwight Eisenhower
William H. Taft
Millard Fillmore
Abraham Lincoln
Thomas Jefferson
Warren G. Harding
Woodrow Wilson
Andrew Johnson
 
Answer Stats
Answer % Correct
Franklin D. Roosevelt
92%
John F. Kennedy
92%
William Henry Harrison
92%
Abraham Lincoln
83%
James A. Garfield
83%
William McKinley
75%
Warren G. Harding
67%
Zachary Taylor
42%
No matching quizzes found
Score Distribution
Percent of People with Each Score
Percentile by Number Answered
Your Score History
You have not taken this quiz since the last reset